Countries an Area Bigger Than 1 Million km squared - Statistics

General Stats
  • This quiz has been taken 22 times
  • The average score is 28 of 29
Answer Stats
Area Country % Correct
2,381,741 Algeria
100%
2,780,400 Argentina
100%
7,692,024 Australia
100%
8,515,767 Brazil
100%
9,984,670 Canada
100%
1,284,000 Chad
100%
9,596,961 China
100%
2,344,858 Democratic Republic of the Congo
100%
1,104,300 Ethiopia
100%
1,910,931 Indonesia
100%
1,648,195 Iran
100%
2,724,900 Kazakhstan
100%
1,564,110 Mongolia
100%
17,098,246 Russia
100%
2,149,690 Saudi Arabia
100%
1,861,484 Sudan
100%
9,525,067 USA
100%
1,246,700 Angola
95%
1,002,450 Egypt
95%
3,287,263 India
95%
1,964,375 Mexico
95%
1,267,000 Niger
95%
1,285,216 Peru
95%
1,221,037 South Africa
95%
1,141,748 Colombia
89%
1,240,192 Mali
89%
1,030,700 Mauritania
89%
1,759,540 Libya
84%
1,098,581 Bolivia
74%
No matching quizzes found
Score Distribution
Percent of People with Each Score
Percentile by Number Answered
Your Score History
You have not taken this quiz